000
00295nam a2200121Ia 4500
008
190216s9999||||xx |||||||||||||| ||und||
100
_a
Shehzad Ahmed
245
0
_a
"Encyclopedia Of Atomic Physics Vol 1,2,3"
260
_b
Anmol Publications
300
_a
320
650
_a
Physics
942
_c
BK
999
_c
34095
_d
34095